000 00349nam a2200133 i 4500
001 bg
100 1 _aMISIUNA, Władysław
245 0 _aReformy w zarządzaniu gospodarką rolną w krajach RWPG /
_cWładysław Misiuna.
260 _aWarszawa,
_c1971.
040 _cBPK
041 _apol
942 _cKS
008 s pl f |000 0 pol
999 _c27028
_d27028
856 _uhttp://koha.tu.koszalin.pl/cgi-bin/koha/opac-detail.pl?biblionumber=27028
_yKatalog online BPK